|
|
|
|
| LEADER |
00000nab a2200000 a 4500 |
| 001 |
vtls000834712 |
| 003 |
SK-MaSNL |
| 005 |
20260304115429.0 |
| 008 |
250429c2003 xo 0 slo |
| 015 |
|
|
|a SNBRB2003/05-14322
|
| 035 |
|
|
|a CLN000186367
|
| 035 |
|
|
|a urn:nbn:sk:snk-ab6p42
|
| 035 |
|
|
|a (uuid)ab11a676-e620-4814-b755-ab229add9747
|
| 035 |
|
|
|a (urnnbn)urn:nbn:sk:snk:ar-005pyo
|
| 035 |
|
|
|a (sysno)vtls000834712
|
| 040 |
|
|
|a SNKBUCL
|b slo
|c SNKBUCL
|e AACR2
|
| 041 |
0 |
|
|a slo
|
| 044 |
|
|
|a xo
|c SK
|
| 080 |
|
|
|a 669.14:006(4)
|2 1997
|
| 080 |
|
|
|a 006(4)
|2 1997
|
| 100 |
1 |
|
|a Paldanová, Iveta
|4 aut
|9 18075
|
| 245 |
1 |
0 |
|a Nové EN z oblasti materiálov-ocelí schválené CEN od 1.8.2002 do 31.12.2002
|c Iveta Paldanová
|
| 650 |
0 |
7 |
|a ocele
|x normy technické
|x Európa
|2 snkbucl
|9 1419333
|
| 650 |
0 |
7 |
|a normy technické medzinárodné
|2 snkbucl
|9 1375860
|
| 655 |
|
7 |
|a články z novín a časopisov
|2 snkbucl
|9 267496
|
| 773 |
0 |
|
|t Zváranie
|g Roč. 52, č. 1-2 (2003), s. 34
|x 0044-5525
|
| 850 |
|
|
|a Slovenská národná knižnica
|
| 852 |
|
|
|a Slovenská národná knižnica
|
| 954 |
|
|
|a odborná, vedecká literatúra pôvodná (slovenská)
|2 lita
|
| 958 |
|
|
|a article
|
| 958 |
|
|
|a OND
|
| 958 |
|
|
|a EUIPO
|
| 992 |
|
|
|a RBX
|
| 999 |
|
|
|c 2875950
|d 2877880
|